000 01353nam0a22003011 4500
001 rc\2773483
005 20250810044837.0
035 _a(NLR Aleph) 006899808
090 _a7235580
_c7235580
100 _a20110915d1941 u y0rusy50 ca
101 0 _arus
102 _aRU
105 _aa z |||||
200 1 _aЛаборатория окрасочного цеха машиностроительных, деревообделочных и других заводов
_fПод ред. С. В. Якубовича
_gНКХП СССР. Главанилкраска. Союзная контора "Лакокраспокрытие"
210 _aМосква
_cМашгиз
_d1941
215 _a111 с.
_cил.
_d21 см.
300 _aЗагл. обл.: Л. Я. Ринова. Лаборатория окрасочного цеха
320 _aБиблиогр.: "Список реком. журн. и кн. лит." с. 106
512 0 _aЛ. Я. Ринова. Лаборатория окрасочного цеха
700 1 _aРинова
_bЛ.Я.
_gЛюбовь Яковлевна
702 1 _aЯкубович
_bС.В.
_4340
801 0 _aRU
_bNLR
_gpsbo
801 1 _aRU
_bELAR
_2rusmarc
852 _aNLR
_jТ44 Г-3/64
942 _cBOOK
945 _aРоссийская национальная библиотека
980 _aNB
980 _aBV